LEADER 01651nam 2200385 n 450 001 996396684103316 005 20221108102759.0 035 $a(CKB)4330000000333482 035 $a(EEBO)2248551309 035 $a(UnM)99849694 035 $a(EXLCZ)994330000000333482 100 $a19920210d1631 uy | 101 0 $aeng 135 $aurbn||||a|bb| 200 02$aA regiment for the sea$b[electronic resource] $econtaining very necessary matters for all sorts of men and travailers: whereunto is added an hydrographicall discourse, touching the fiue severall passages into Cattay. Written by William Borne. Whereunto is added a new regiment, a table of declination, the Mariners Guide, with a perfect Sea Card thereto belonging, by Thomas Hood D. In Phisicke 205 $aNewlie corrected this yeare 1631. 210 $aAt London $cPrinted by W. I[ones] for Thomas Weauer, and are to be sold at his shop at the great North Dore of Paules$d1631 215 $a[10], 74, [4]; + leaves $cill 300 $aIn two parts; second part lacking. 300 $aImperfect as filmed; leaves L3,4 bound and filmed out of order; second part lacking. 300 $aReproduction of the original in the Bodleian Library. 330 $aeebo-0014 606 $aNavigation$vEarly works to 1800 606 $aNavigation$vTables$vEarly works to 1800 615 0$aNavigation 615 0$aNavigation 700 $aBourne$b William$fd. 1583.$0927443 801 0$bCu-RivES 801 1$bCu-RivES 801 2$bCStRLIN 801 2$bWaOLN 906 $aBOOK 912 $a996396684103316 996 $aA regiment for the sea$92282339 997 $aUNISA LEADER 01571nam2 2200361 i 450 001 URB0170792 005 20251003044432.0 010 $a8802053871 020 $aIT$b2002-14373 100 $a20140114d2002 ||||0itac50 ba 101 | $aita 102 $ait 181 1$6z01$ai $bxxxe 182 1$6z01$an 200 1 $aˆ1: Il ‰diritto sindacale$fFranco Carinci ... \et al.!$gcon la collaborazione d i Marina Brollo ... \et al.! 205 $a4. ed 210 $aTorino$cUTET$d\2002! 215 $aXVI, 385 p.$d24 cm. 461 1$1001LO10816257$12001 $aDiritto del lavoro$fFranco Carinci ... [et al.]$v1 606 $aDiritto sindacale$2FIR$3CFIC004371$9E 676 $a344.01$9$v21 676 $a344.4501$9DIRITTO DEL LAVORO. ITALIA$v19 686 $aII A 6$cDIRITTO PRIVATO - Diritto civile - Diritto del lavoro$2BGG 702 1$aCarinci$b, Franco$3CFIV004288 702 1$aBrollo$b, Marina$3MILV068717 801 3$aIT$bIT-000000$c20140114 850 $aIT-BN0095 $aIT-AV0007 $aIT-NA0438 $aIT-NA0079 $aIT-NA0070 $aIT-NA0523 $aIT-AV0045 901 $bNAP MV$cC $nCINEMA MUSICA TEATRO SALA C 912 $aURB0170792 950 2$aBiblioteca Centralizzata di Ateneo$cv. 1-2 (in diverse edizioni)$d 01ARECHI DEMM 25$e 01AR 0700317115 VMA (0001 4.ed v. 1 (Precedente collocazione: LT (AR) 31 B 711)$fB $h20140723$i20140723 977 $a 01$a AV$a BD$a BN$a BU$a DM$a MV 996 $aDiritto sindacale$962574 997 $aUNISANNIO